Indian State per Last Letter Quiz Stats

 Plays Quiz not verified by Sporcle

Challenge
Share
Tweet
Embed
Score 0/10 Timer 02:00
0 Plays Today
Final Letter Indian State(s) % Correct
AGoa, Kerala, Odisha, Haryana, Tripura, Karnataka, Meghalaya, Telangana, Maharashtra
89.5%
HChhattisgarh, Andhra Pradesh, Madhya Pradesh, Himachal Pradesh, Arunachal Pradesh, Uttar Pradesh
87.7%
MAssam, Mizoram, Sikkim
82.5%
BPunjab
77.2%
RBihar, Manipur, Jammu and Kashmir
75.4%
UTamil Nadu
71.9%
DNagaland, Jharkhand, Uttarakhand
66.7%
LWest Bengal
66.7%
TGujarat
63.2%
NRajasthan
59.6%

You're not logged in!

Compare scores with friends on all Sporcle quizzes.
OR
Log In

You Might Also Like...

Show Comments

Extras

Top Quizzes Today


Score Distribution

Your Account Isn't Verified!

In order to create a playlist on Sporcle, you need to verify the email address you used during registration. Go to your Sporcle Settings to finish the process.

Report this User

Report this user for behavior that violates our Community Guidelines.

Details: